Una lectura de Kant: introducción a la antropología en sentido pragmático
Gardado en:
| Autor Principal: | |
|---|---|
| Formato: | Libro |
| Idioma: | Lingua castelá |
| Publicado: |
Buenos Aires
Siglo Veintiuno
2009
|
| Edición: | 1a. ed |
| Subjects: | |
| Tags: |
Engadir etiqueta
Sen Etiquetas, Sexa o primeiro en etiquetar este rexistro!
|
MARC
| LEADER | 00000cam a2200000 a 4500 | ||
|---|---|---|---|
| 001 | UCH7575 | ||
| 003 | CL-VaPUC | ||
| 008 | 091119e20090000AG |||||||||||||||||spa|d | ||
| 020 | |a 9789876290982 | ||
| 082 | 0 | 4 | |a 142.3 |b FOU |2 21 |
| 100 | |a Foucault, Michel |e author |9 257945 | ||
| 245 | 1 | 4 | |a Una lectura de Kant: introducción a la antropología en sentido pragmático |
| 250 | |a 1a. ed | ||
| 300 | |a 140 p | ||
| 600 | 0 | |a Kant, Immanuel, |d 1724-1804 |9 858687 | |
| 942 | |c BK | ||
| 945 | |d 20091119 00:00:00 |a rbrito | ||
| 260 | |a Buenos Aires |b Siglo Veintiuno |c 2009 | ||
| 650 | 0 | |a Kantismo |9 311003 | |
| 583 | |a last modification |c 20150505 01:32:36 |k Rodrigo Vera | ||
| 999 | |c 338092 |d 338090 | ||
| 952 | |0 0 |1 0 |2 ddc |3 erb |4 0 |6 142_300000000000000_FOU_2009 |7 0 |8 A |9 430911 |a BIBING |b BIBING |i 5069858 |o 142.3 FOU 2009 |p 5069858 |r 2025-01-20 |w 2019-11-22 |y BK |z Catalogado en:20140502 |k GEO | ||